| 000 | 00624nam a2200193Ia 4500 | ||
|---|---|---|---|
| 003 | GCL | ||
| 008 | 140319s9999 xx 000 0 ara d | ||
| 040 |
_aGCL / _cGCL |
||
| 082 | 0 | 4 |
_a953.073 _bخ ح |
| 100 | 1 | _aخليل داود الزرو | |
| 245 | 1 | 0 |
_aالحياة العلمية فى الشام فى القرنين الاول والثانى للهجرة / _cخليل داود الزرو |
| 300 | _a224 | ||
| 490 |
_a100 قصة _v0 |
||
| 650 | 0 | 4 | _aالتاريخ الاسلامى |
| 650 | 0 | 4 | _aالشام |
| 650 | 0 | 4 | _aالاحوال الثقافية |
| 650 | 0 | 4 | _aالعلوم عند العرب |
| 942 |
_2ddc _cBK |
||
| 999 |
_c43851 _d43851 |
||